[Event "EU-ch U14 Girls 26th"]
[Site "Prague"]
[Date "2016.08.26"]
[Round "8"]
[White "Szczerbacewicz, Nastia"]
[Black "Oliveira, Maria Alice Ramos"]
[Result "1-0"]
[WhiteElo "1565"]
[BlackElo "1667"]
[PlyCount "95"]
[EventDate "2016.08.18"]
[EventType "swiss"]
[EventRounds "9"]
[EventCountry "CZE"]
[SourceTitle "CBM 174 Extra"]
[Source "ChessBase"]
[SourceDate "2016.10.10"]
[SourceVersion "1"]
[SourceVersionDate "2016.10.10"]
[SourceQuality "1"]

1. c4 Nf6 2. g3 g6 3. Bg2 Bg7 4. Nc3 0-0 5. d3 d6 6. Nf3 c6 7. 0-0 a6 8. Rb1 b5 9. cxb5 axb5 10. Nd4 Ra6 11. a3 Qc7 12. Bd2 Bb7 13. Qc1 Qd7 14. Bh6 Ra8 15. Qg5 e5 16. Bxg7 Kxg7 17. Nf3 Na6 18. e4 Nc5 19. Nh4 Qd8 20. Nf5+ Kh8 21. Nh4 Nxd3 22. b4 Rxa3 23. Qd2 Nxb4 24. Rxb4 Qe7 25. Rb2 Rfa8 26. Rd1 Ra1 27. Rbb1 Rxb1 28. Rxb1 Ne8 29. Nf3 Kg7 30. Ne1 Nc7 31. Nc2 Ne6 32. Rd1 Rd8 33. Qe3 Qc7 34. f4 exf4 35. gxf4 f6 36. Bh3 Nc5 37. Qd4 Bc8 38. Bg2 Bg4 39. Rf1 Qb6 40. Ne3 Bc8 41. Ncd5 cxd5 42. Nxd5 Qa5 43. Qxf6+ Kh6 44. f5 Nd7 45. Qh4+ Kg7 46. f6+ Kh8 47. Ne7 Ne5 48. f7 1-0

[Event "EU-ch U14 Girls 26th"]
[Site "Prague"]
[Date "2016.08.21"]
[Round "4"]
[White "Granovskaya, Ekaterina"]
[Black "Szczerbacewicz, Nastia"]
[Result "1-0"]
[WhiteElo "1805"]
[BlackElo "1565"]
[PlyCount "63"]
[EventDate "2016.08.18"]
[EventType "swiss"]
[EventRounds "9"]
[EventCountry "CZE"]
[SourceTitle "CBM 174 Extra"]
[Source "ChessBase"]
[SourceDate "2016.10.10"]
[SourceVersion "1"]
[SourceVersionDate "2016.10.10"]
[SourceQuality "1"]

1. e4 c5 2. Nf3 Nc6 3. d4 cxd4 4. Nxd4 Nf6 5. Nc3 e5 6. Ndb5 d6 7. Nd5 Nxd5 8. exd5 Nb8 9. c4 Be7 10. Bd3 0-0 11. 0-0 f5 12. f3 a6 13. Nc3 Bg5 14. Qe2 Nd7 15. Bxg5 Qxg5 16. f4 Qh6 17. Bc2 Nf6 18. fxe5 Ng4 19. h3 Nxe5 20. b3 f4 21. Be4 Qg5 22. Kh1 Rf6 23. Bxh7+ Kxh7 24. Ne4 Qh6 25. Nxf6+ gxf6 26. Qe4+ Qg6 27. Qxf4 Kg7 28. Rae1 Bd7 29. Re3 Kf8 30. Rg3 Qf7 31. Qh6+ Ke8 32. Rxf6 1-0